03157cam a2200289 i 4500020002900000082001100029100001900040245010100059260004600160300002200206490002300228505069000251520144300941650003502384650002402419650002502443650003502468650002402503650002502527650004102552650005502593650004302648700002402691942000702715952012802722999001702850 a9780230284203 (hardback)00a379.281 aMattei, Paola,10aSecular institutions, Islam and education policy : France and the U.S in Comparative Perspective aNew York, NY, b Palgrave Macmillanc2016 axiii, 236 pages ;0 aSt Antony's Series8 aMachine generated contents note: -- 1. The New Challenges to the École Lai;que: Integrating Islam -- 2. Faire l'Islam Lai;c: The Makings Of French Islam -- 3. The French Republican School: L'e;cole Lai;que and its Historical Origins -- 4. Policies Towards Religion in French Public Schools, 1989-2004 -- 5. Rising Education Inequalities In French Schools -- 6. The Post-2004 Ban and the Integration Of Muslim Students: The Limits of a Narrowly Legalistic Approach -- 7. Cultural and Religious Conflicts in the History of American Schools -- 8. Assimilation and Educational Achievement of Minority Groups in The United States -- 9. Secular Institutions between Policy and Politics. a"In January 2015, three attackers walked into the office of the satirical magazine, Charlie Hebdo, in Paris, opened fire and killed twelve people, including a Muslim policeman, in the deadliest terrorist attack on France for 50 years. We live in a time of suspicion and fear, not least because religion has returned to the centre stage of collective memories in Europe and in the United States. Amidst claims of threats to national identities in an era of increasing diversity, should we be worried about the upsurge in religious animosity in the United States, as well as Europe? Paola Mattei and Andrew Aguilar show that French society is divided along conflicts about religious identity, increasingly visible in public schools. Republicanism, based on the solidarity and secularism, is viewed by many as the cause of discrimination and unfairness against minority groups. Policies invoking lai;cite; are frequently criticised as a disguised form of Islamophobia. Secular Institutions, Islam, and Education Policy suggests, on the contrary, that secularism in France is a flexible concept, translated into contradictory policy programmes, and subject to varying political interpretations. This book presents original data showing how schools have become, once again, a central theatre of political action and public engagement regarding laicite;, an ideal grounded in the republican origins of the public education system in France. "-- 0aReligion in the public schools 0aEducation and state 0aIslam and secularism 0aReligion in the public schools 0aEducation and state 0aIslam and secularism 7aEDUCATION / Multicultural Education. 7aEDUCATION / Educational Policy & Reform / General. 7aRELIGION / Religion, Politics & State.1 aAguilar, Andrew S., cBK 00104070aHMIbHMIcGENd2024-05-31eKohinoor Book Distributorg4714.00l0o379.28 MATp25952r2024-05-31w2024-05-31yBK c23457d23457